Psychology research handbook: A guide for graduate students and research assistants (Record no. 394785)

MARC details
000 -LEADER
fixed length control field 00656 a2200229 4500
005 - DATE & TIME
control field 20260116141015.0
008 - FIXED-LENGTH DATA ELEMENTS--GENERAL INFORMATION
fixed length control field 260115b |||||||| |||| 00| 0 eng d
020 ## - ISBN
International Standard Book Number 9781452217673
Price $ 156.00
040 ## - CATALOGING SOURCE
Original cataloging agency VIVEKANANDA LIBRARY
082 ## - DDC NUMBER
Classification number 150.72
Book Number L552P(3)
100 ## - MAIN ENTRY--PERSONAL NAME
Personal name Leong, Frederick T L, ed.
245 ## - TITLE STATEMENT
Title Psychology research handbook: A guide for graduate students and research assistants
250 ## - EDITION STATEMENT
Edition statement 3rd
260 ## - PUBLICATION, DISTRIBUTION, ETC. (IMPRINT)
Name of publisher, distributor, etc Sage Publications
Date of publication, distribution, etc 2024
Place of publication, distribution, etc London
300 ## - PHYSICAL DESCRIPTION
Pages xxvii, 731
650 ## - Subject
Subject Psychology
650 ## - Subject
Subject Research-Psychology
650 ## - Subject
Subject Research Planning
650 ## - Subject
Subject Data Analysis
700 ## - Added Entry Personal Name
Added Entry Personal Name Austin, James T, ed.
942 ## - ADDED ENTRY ELEMENTS (KOHA)
Koha item type Books
Holdings
Withdrawn status Lost status Source of classification or shelving scheme Damaged status Not for loan Location (home branch) Sublocation or collection (holding branch) Shelving location Date acquired Koha issues (times borrowed) Koha full call number Accession No. Koha date last seen Koha item type
    Dewey Decimal Classification     VIVEKANANDA LIBRARY VIVEKANANDA LIBRARY Vivekananda Library 18/12/2025   150.72 L552P(3) 443756 18/12/2025 Books
    Dewey Decimal Classification     VIVEKANANDA LIBRARY VIVEKANANDA LIBRARY Vivekananda Library 17/02/2026   150.72 L552P(3) 438295 17/02/2026 Books
© Designed and Maintained by Vivekananda Library, MDU Rohtak